Management : (Record no. 348879)
[ view plain ]
| 000 -LEADER | |
|---|---|
| fixed length control field | 00541 a2200193 4500 |
| 003 - CONTROL NUMBER IDENTIFIER | |
| control field | OSt |
| 005 - DATE AND TIME OF LATEST TRANSACTION | |
| control field | 20180116182932.0 |
| 008 - FIXED-LENGTH DATA ELEMENTS--GENERAL INFORMATION | |
| fixed length control field | 160830b xxu||||| |||| 00| 0 eng d |
| 020 ## - INTERNATIONAL STANDARD BOOK NUMBER | |
| International Standard Book Number | 8125903372 |
| 022 ## - INTERNATIONAL STANDARD SERIAL NUMBER | |
| International Standard Serial Number | 8125903372 |
| 040 ## - CATALOGING SOURCE | |
| Transcribing agency | 0 |
| 082 ## - DEWEY DECIMAL CLASSIFICATION NUMBER | |
| Classification number | 658 CHA 1997 |
| 100 ## - MAIN ENTRY--PERSONAL NAME | |
| Personal name | Chandan, JS |
| 245 ## - TITLE STATEMENT | |
| Title | Management : |
| Remainder of title | Concepts and Strategies |
| Statement of responsibility, etc. | J.S.Chandan |
| 260 ## - PUBLICATION, DISTRIBUTION, ETC. | |
| Place of publication, distribution, etc. | New Delhi |
| Name of publisher, distributor, etc. | Vikas Publishing House PVT LTD |
| Date of publication, distribution, etc. | 1997 |
| 300 ## - PHYSICAL DESCRIPTION | |
| Extent | 552 p. |
| Other physical details | Photo copy |
| 440 ## - SERIES STATEMENT/ADDED ENTRY--TITLE | |
| Title | Management / Concepts and Strategies |
| 942 ## - ADDED ENTRY ELEMENTS (KOHA) | |
| Institution code [OBSOLETE] | NBS |
| Koha item type | Book |
| Call number prefix | 658 CHA |
| Source of classification or shelving scheme | |
| Withdrawn status | Lost status | Damaged status | Not for loan | Permanent Location | Current Location | Date acquired | Total Checkouts | Full call number | Barcode | Date last seen | Date last checked out | Price effective from | Koha item type | Source of classification or shelving scheme | Collection code | Shelving location |
|---|---|---|---|---|---|---|---|---|---|---|---|---|---|---|---|---|
| Central Library (CL) | Central Library (CL) | 08/28/2013 | 2 | 658 CHA | NBS2689 | 10/21/2013 | 10/03/2013 | 08/28/2013 | Book | |||||||
| Central Library (CL) | Central Library (CL) | 08/28/2013 | 658 CHA | NBS5661 | 05/08/2014 | 08/28/2013 | Book | |||||||||
| Central Library (CL) | Central Library (CL) | 09/20/2013 | 1 | 658 CHA 1997 | NBS2690 | 11/19/2013 | 11/05/2013 | 09/20/2013 | Book | General Stacks | ||||||
| Central Library (CL) | Central Library (CL) | 09/23/2016 | 658 CHA 2003 | NBSP-168 | 09/23/2016 | 09/23/2016 | Book | General Stacks |
